01077nab a22002417a 4500999001500000003000400015005001700019008004100036040000700077100003500084245008600119260007300205300001200278500004200290505013400332505009000466650003200556650003000588650003200618650002600650773014600676942001300822 c5386d5386OSt20250311085444.0190604e xxu||||| |||| 00| 0 spa d cPJ 96421aAlgarra, Alejandra M. R.13aEl silencio positivo de la Administración nacional /cAlejandra M. R. Algarra. aCiudad Autónoma de Buenos Aires :bThomson Reuters La Ley, c2025. ap. 5-10 aCita Online: TR LALEY AR/DOC/130/2025 aSumario: I. Introducción.— II. El silencio positivo en la legislación nacional argentina.— III. Consideraciones finales.  t¿Te interesa el texto completo? Solicitalo al correo: koha@justierradelfuego.gov.ar  09877aADMINISTRACION PUBLICA 091171aACTO ADMINISTRATIVO 09877aADMINISTRACION PUBLICA 096422aPRONTO DESPACHO0 0271493171dCiudad Autónoma de Buenos Aires : Thomson Reuters La Ley, 2014-tRevista anales de legislación argentina. Nº 3 - Marzo 2025. 2udccANA